LEADER 01275cam2 22003133 450 001 SOBE00029002 005 20231214095518.0 100 $a20121206d1984 |||||ita|0103 ba 101 $aita 102 $aIT 200 1 $a<<32,1: >>Discorsi$e4,1$e(184-229/V) Su i tempi liturgici$etesto latino dall'edizione maurina e delle edizioni postmaurine$fSant'Agostino$gtraduzione e note P. Bellini, F.Cruciani, V. Tarulli$gindici Franco Monteverde 210 $aRoma$cCittà Nuova Editrice$d1984 215 $aXLIII, 540 p.$cill.$d24 cm 300 $aNell'occhietto : Parte III: Discorsi 461 1$1001SOBE00028516$12001 $aOpere di Sant'Agostino 700 1$aAugustinus$b, Aurelius $3AF00004539$4070$0152280 702 1$aMonteverde, Franco$3AF00018100$4070 702 1$aTarulli, Vincenzo$3SOBA00005186$4070 702 1$aCruciani, Fabrizio$3AF00012377$4070 702 1$aBellini, Paolo$3AF00010168$4070 801 0$aIT$bUNISOB$c20231214$gRICA 850 $aUNISOB 852 $aUNISOB$j200|Coll|16|K$m55225 912 $aSOBE00029002 940 $aM 102 Monografia moderna SBN 941 $aM 957 $a200|Coll|16|K$b000032$i-1$gSI$d55225$1catenacci$2UNISOB$3UNISOB$420121206095102.0$520231214095518.0$6Spinosa 996 $aSermones$921779 997 $aUNISOB LEADER 01592nam2 22003131i 450 001 UON00418237 005 20231205104811.104 100 $a20130214f |0itac50 ba 101 $ager 102 $aDE 105 $a|||| ||||| 200 1 $aKleine Ursachen$aˆDer ‰tote Gast$fJohann Heinrich David Zschokke$gherausgegeben von Hans Bodmer 210 $aBerlin [etc.]$cDeutsches Verlagshaus Bong & Co.$d[19--?] 215 $a299 p., [1] c. di tav.$d18 cm. 410 1$1001UON00414982$12001 $aGoldene klassiker-Bibliothek$1210 $aHildesheim$aNew York$cGeorg Olms Verlag$d19- 461 1$1001UON00418233$12001 $aZschokkes Werke in zwölf Teilen$eAuswahl aus den Erzählungen$fJohann Heinrich David Zschokke$gherausgegeben mit Einleitung und Anmerkungen versehen von Hans Bodmer$1210 $aBerlin [etc.]$cDeutsches Verlagshaus Bong & Co.$d[19--?]$1215 $av.-$d18 cm.$v3 606 $aLetteratura tedesca$xSec. 18.-19.$3UONC061938$2FI 620 $aDE$dBerlin$3UONL003157 676 $a830.6$cLetteratura tedesca. Periodo classico, 1750-1830$v21 700 1$aZSCHOKKE$bJohann Heinrich David$3UONV213471$0634913 702 1$aBODMER$bHans$3UONV213472 712 $aBong & Co.$3UONV276296$4650 801 $aIT$bSOL$c20251003$gRICA 899 $aSIBA - SISTEMA BIBLIOTECARIO DI ATENEO$2UONSI 912 $aUON00418237 950 $aSIBA - SISTEMA BIBLIOTECARIO DI ATENEO$dSI TED 22 I ZSC 1 b $eSI ST 3854/1 5 1 b $sBuono 996 $aTote Gast$91185359 996 $aKleine Ursachen$91185358 997 $aUNIOR